Canto quechua /
שמור ב:
| מחברים אחרים: | |
|---|---|
| פורמט: | ספר |
| שפה: | Spanish |
| יצא לאור: |
Sin lugar:
Producciones musicales Yana Guitarra,
2010?
|
| נושאים: | |
| תגים: |
הוספת תג
אין תגיות, היה/י הראשונ/ה לתייג את הרשומה!
|
MARC
| LEADER | 00000nam a22000007a 4500 | ||
|---|---|---|---|
| 008 | 141125b2010 S.L||zf| |||| 00| | spa d | ||
| 040 | |a CRU CIICLA | ||
| 082 | |a 782.42 C229c | ||
| 245 | 1 | 0 | |a Canto quechua / |c Julio Humala Lema |
| 260 | |a Sin lugar: |b Producciones musicales Yana Guitarra, |c 2010? | ||
| 300 | |a 1 disco compacto | ||
| 505 | |t Lorochay -- Unchuchukuchay -- Santu Qarquy -- Pataykimanta -- Amapolay -- Mamallay -- Tuta wayra -- Todas las sangres -- Wasichakuy -- Harawi de siembra de papa -- Trilla de arverjas -- A nuestro Padre Creador. Tupac Amaru (fragmento). | ||
| 650 | 1 | 4 | |a MUSICA POPULAR |
| 700 | 1 | 2 | |a Humala Lema, Julio |j dirección y arreglos |
| 942 | |2 ddc |c MU | ||
| 999 | |c 3613 |d 3613 | ||
